Times Square roulette : remaking the city icon /

Bibliographic Details
Main Author: Sagalyn, Lynne B.
Format: Book
Language:English
Published: Cambridge, Mass. : MIT Press, [2001]
Subjects:

MARC

Tag First Indicator Second Indicator Subfields
LEADER 00000cam a22000004a 4500
001 in00001649021
005 20151023105650.0
008 010507s2001 mauabf b 001 0 eng
010 |a  2001034276 
020 |a 0262194627 (hc. : alk. paper) 
035 |a (OCoLC)ocm46928826 
040 |a DLC  |c DLC  |d C#P  |d UtOrBLW 
042 |a pcc 
043 |a n-us-ny 
049 |a TXAM 
050 0 0 |a HT168.N5  |b S24 2001 
082 0 0 |a 307.1/216/097471  |2 21 
100 1 |a Sagalyn, Lynne B. 
245 1 0 |a Times Square roulette :  |b remaking the city icon /  |c Lynne B. Sagalyn. 
264 1 |a Cambridge, Mass. :  |b MIT Press,  |c [2001] 
264 4 |c ©2001 
300 |a xviii, 620 pages, 16 unnumbered pages of plates :  |b illustrations, maps ;  |c 29 cm. 
336 |a text  |b txt  |2 rdacontent 
337 |a unmediated  |b n  |2 rdamedia 
338 |a volume  |b nc  |2 rdacarrier 
504 |a Includes bibliographical references (pages [563]-588) and index. 
650 0 |a City planning  |z New York (State)  |z New York. 
650 0 |a Urban renewal  |z New York (State)  |z New York. 
650 0 |a Tourism and city planning  |z New York (State)  |z New York. 
651 0 |a Times Square (New York, N.Y.) 
651 0 |a New York (N.Y.)  |x Politics and government. 
945 |i PromptCat 
948 |a cataloged  |b h  |c 2002/1/11  |d c  |e mphillip  |f 3:00:41 pm 
994 |a 92  |b TXA 
999 |a MARS 
999 f f |s 52fb6fd2-d230-3f44-be1e-6dc00ee6735a  |i 860ab854-6fe2-3aa3-bddc-e57aa28c2011  |t 0 
952 f f |p ric  |a Texas A&M University  |b Rellis Campus  |c Joint Library Facility  |d Remote Storage  |t 0  |e HT168.N5 S24 2001  |h Library of Congress classification  |i unmediated -- volume  |m A14828485572 
998 f f |a HT168.N5 S24 2001  |t 0  |l Remote Storage